Historia del dret espanyol

Detalles Bibliográficos
Otros Autores: Maluquer de Motes i Bernet, Carles J. (coaut.), Montagut i Estraguš, Toms̉ de (coord.)
Formato: Desconocido
Lenguaje:catalán
Publicado: Barcelona : Edicions de la Universitat Oberta de Catalunya, 2006
Materias:
Acceso en línea:Acceso restringido

MARC

LEADER 00000ny a22000003n 4500
005 20110609111739.0
008 990503s2006 sp ab b 000 0 cat
010 |a 99202205 
020 |a 9788492276714 
035 |a 1416 
040 |a PL#  |c PL#  |d vLex 
043 |a e-sp--- 
050 0 0 |a KKT120  |b .M655 1997 
090 |c 596  |d 596 
245 0 0 |a Historia del dret espanyol  |h [Recurso electrn̤ico]  |c Toms̉ de Montagut Estraguš (coordinador), Carlos J. Maluquer de Motes i Bernet, [coautores] 
256 |a Servicio en ln̕ea 
260 |a Barcelona :  |b Edicions de la Universitat Oberta de Catalunya,  |c 2006 
300 |a p. ;  |c cm 
506 1 |a Contenido solo disponible en los productos indicados  |d vLex Global  |d vLex Global (Academic Edition, excluding Law Schools)  |d vLex Global (U.S. Academic Edition, Law Schools)  |d vLex Global (U.S. Academic Edition, excluding Law Schools)  |d vLex Global (Academic Edition, Law Schools) 
650 0 7 |a Historia del derecho  |2 Tesauro vLex 
700 1 |a Maluquer de Motes i Bernet, Carles J.,  |e coaut. 
700 1 |a Montagut i Estraguš, Toms̉ de,  |e coord. 
740 0 |a vLex Libros (Servicios en ln̕ea) 
856 4 0 |u http://vlex.com/source/1416  |z Acceso restringido 
942 |c BOOK 
999 0 |a Law--History  |b Barcelona